| 000 | 00461cam a2200169ua 4500 | ||
|---|---|---|---|
| 020 | _c2.50 | ||
| 041 |
_amal _h |
||
| 082 |
_a928.94812 _bKRI/MA |
||
| 100 | _aKrishna ayyer, Chennithala . | ||
| 245 |
_aManmaranja bhashakavikal / _cChennithala Krishna ayyer. _hTextual Documents |
||
| 260 |
_aKottayam : _bSahitya Pravarthaka Co-operative Society , _c1963. |
||
| 300 | _a212 ; . | ||
| 365 | _a2.50 | ||
| 504 | _a | ||
| 942 | _cBK | ||
| 999 |
_c5247 _d5247 |
||